000 00257nam a2200109 a 4500
005 20201002040647.0
008 140220s1992 000 spa d
020 _a8447801179
245 0 _aJack y el diablo.
260 _aBarcelona,
_c1992.
999 _c42619
_d42619
040 _aDO-SdBNP